15 chansons de Brassens - Statistiques

Statistiques générales
  • Ce quiz a été pris 102 fois
  • Le résultat moyen est 6 sur 15
Statistiques - réponses
Phrases Chansons % Correct
Combien je recevrai de coups de revolver Les Trompettes de la renommée
81%
Des monceaux de feuilles de vigne, Fleurs de lis ou fleurs d’oranger. Dans l'eau de la claire fontaine
54%
La belle était déjà morte d'un rhume mal placé Marinette
54%
Des œils de perdrix mais encore C'est fou ce qu'elles usent de groles La Complainte des filles de joie
50%
et n’en déplaise aux autochtones Supplique pour être enterré sur la plage de Sète
50%
Elle a fait son devoir, c'est à dire que oncques Elle n'eut de souhait, impossible elle n’eut Les oiseaux de passage
46%
De vos plats de choucroute et vos tasses de thé Tout le monde s'en fiche à l’unanimité Les deux oncles
42%
Pour les balourds, les fesse-mathieux Les paltoquets, ni les bobèches La femme d’Hector
38%
Que le coq imbécile et prétentieux perché dessus Ne soit pas déçu Quatre vingt quinze pour cent
32%
Le vieux catéchisme poissard N'a guère plus cours chez les hussards… La ronde des jurons
28%
et ce d’une façon si brusque si soudaine Le bulletin de santé
28%
Et, ramassant l'un d'eux qui trainait dans l'ornière, Qui trainait dans l'ornière, Je l'ai, comme une fleur, mis а ma boutonnière, La tondue
23%
Vos cours d'anatomie Allez les prendre ailleurs. Rien à jeter
22%
Et partit sans se retourner ni peu ni prou Le grand chêne
18%
Menuets et pavanes Tarentelles, sardanes La route aux quatre chansons
15%
Aucun quiz correspondant
Distribution des résultats
% des personnes avec chaque résultat
Percentile par nombre de réponses
Votre historique - résultats
Vous n’avez pas pris ce quiz